Mathematics for economics and finance : (Record no. 7421)
[ view plain ]
| 000 -LEADER | |
|---|---|
| fixed length control field | 00923nam a22002652 4500 |
| 001 - CONTROL NUMBER | |
| control field | 0000007165 |
| 005 - DATE AND TIME OF LATEST TRANSACTION | |
| control field | 20151217152024.0 |
| 008 - FIXED-LENGTH DATA ELEMENTS--GENERAL INFORMATION | |
| fixed length control field | 071126s xx 000 0 eng d |
| 020 ## - INTERNATIONAL STANDARD BOOK NUMBER | |
| International Standard Book Number | 0521785146 : |
| Terms of availability | KES 760 |
| 040 ## - CATALOGING SOURCE | |
| Original cataloging agency | KABU |
| Transcribing agency | KABU |
| 100 1# - MAIN ENTRY--PERSONAL NAME | |
| Personal name | Anthony, Martin. |
| -- | 0000158241 |
| 245 10 - TITLE STATEMENT | |
| Title | Mathematics for economics and finance : |
| Remainder of title | methods and modelling / |
| Statement of responsibility, etc. | Martin Anthony and Norman Biggs. |
| 250 ## - EDITION STATEMENT | |
| Edition statement | Low-price ed. |
| 260 ## - PUBLICATION, DISTRIBUTION, ETC. (IMPRINT) | |
| Place of publication, distribution, etc. | Cambridge : |
| Name of publisher, distributor, etc. | C. U. P., |
| Date of publication, distribution, etc. | 2000. |
| 300 ## - PHYSICAL DESCRIPTION | |
| Extent | 394 p. |
| 650 #0 - SUBJECT ADDED ENTRY--TOPICAL TERM | |
| Topical term or geographic name as entry element | Economics, Mathematical. |
| -- | 0000149913 |
| 650 #0 - SUBJECT ADDED ENTRY--TOPICAL TERM | |
| Topical term or geographic name as entry element | Finance |
| General subdivision | Mathematical models. |
| -- | 0000151646 |
| 700 1# - ADDED ENTRY--PERSONAL NAME | |
| Personal name | Biggs, Norman. |
| -- | 0000158242 |
| 908 ## - PUT COMMAND PARAMETER (RLIN) | |
| Put command parameter | 071126 |
| 950 ## - LOCAL HOLDINGS (RLIN) | |
| -- | 1 |
| Withdrawn status | Lost status | Source of classification or shelving scheme | Not for loan | Home library | Current library | Date acquired | Total Checkouts | Full call number | Barcode | Date last seen | Date last checked out | Price effective from | Koha item type | Shelving location | Cost, normal purchase price | Copy number |
|---|---|---|---|---|---|---|---|---|---|---|---|---|---|---|---|---|
| Library of Congress Classification | Kabarak, Main Campus | Kabarak, Main Campus | 17/12/2015 | 13 | HB135 .A58 2000 | 011303 | 02/08/2024 | 01/08/2022 | 17/12/2015 | General Collection | ||||||
| Library of Congress Classification | Kabarak, Main Campus | Kabarak, Main Campus | 17/12/2015 | 4 | HB135 .A58 2000 | 011304 | 02/08/2024 | 25/09/2021 | 17/12/2015 | General Collection | ||||||
| Library of Congress Classification | Kabarak, Main Campus | Kabarak, Main Campus | 17/12/2015 | 10 | HB135 .A58 2000 | 006739 | 02/08/2024 | 01/08/2022 | 17/12/2015 | General Collection | ||||||
| Library of Congress Classification | Kabarak, Main Campus | Kabarak, Main Campus | 17/12/2015 | 10 | HB135 .A58 2000 | 006738 | 02/08/2024 | 19/07/2019 | 17/12/2015 | General Collection | ||||||
| Library of Congress Classification | Kabarak, Main Campus | Kabarak, Main Campus | 04/07/2018 | 7 | HB135 .A58 2000 c.5 | 025200 | 02/08/2024 | 19/07/2022 | 04/07/2018 | General Collection | General Stacks | 1400.00 | c.5 | |||
| Library of Congress Classification | Kabarak, Main Campus | Kabarak, Main Campus | 04/07/2018 | 8 | HB135 .A58 2000 c.6 | 025202 | 02/08/2024 | 23/06/2022 | 04/07/2018 | General Collection | General Stacks | 1400.00 | c.6 | |||
| Library of Congress Classification | Kabarak, Nakuru City Campus | Kabarak, Nakuru City Campus | 04/07/2018 | 1 | HB135 .A58 2000 c.3 | 025205 | 27/02/2019 | 22/02/2019 | 04/07/2018 | General Collection | General Stacks | 1400.00 | c.3 | |||
| Library of Congress Classification | Kabarak, Nakuru City Campus | Kabarak, Nakuru City Campus | 04/07/2018 | HB135 .A58 2000 c.1 | 025203 | 04/07/2018 | 04/07/2018 | General Collection | General Stacks | 1400.00 | c.1 | |||||
| Library of Congress Classification | Kabarak, Nakuru City Campus | Kabarak, Nakuru City Campus | 04/07/2018 | 1 | HB135 .A58 2000 c.2 | 025204 | 02/10/2018 | 18/09/2018 | 04/07/2018 | General Collection | General Stacks | 1400.00 | c.2 |